La Partie et le Tout: Lecture de Fernand Quellette et Roland Giguere

Salvato in:
Dettagli Bibliografici
Autore principale: Chanel Malenfant, Paul
Natura: Libro
Lingua:Undetermined
Pubblicazione: Quebec, Canadá Les Presses de l´Universite Laval 1983
Soggetti:
Tags: Aggiungi Tag
Nessun Tag, puoi essere il primo ad aggiungerne!!

MARC

LEADER 00000nam a2200000Ia 4500
008 170316s9999 xx 000 0 und d
090 |a 818 C-12p 
100 |a Chanel Malenfant, Paul 
245 |a La Partie et le Tout: Lecture de Fernand Quellette et Roland Giguere 
260 |a Quebec, Canadá 
260 |b Les Presses de l´Universite Laval 
260 |c 1983 
300 |a 397 páginas 
650 |a LITERATURA CANADIENSE 
999 |c 21775  |d 21775 
040 |a cru BVZT 
942 |c 15 D  |h 818 C-12p  |2 z